000 00636nam a22001937a 4500
999 _c165039
_d165039
005 20190603163439.0
010 _aUR-10176
020 _c300.00
_a9789387829183
035 _aU-8731
037 _bDBAD/PUB
082 _aن
100 _aعبد الصمد
245 _aجہا ں تير ا ہے يا مير ا ہے
_cعبد الصمد
246 _bJahan Tera Hai Ya Mera Hai (Urdu)
_aby Abdus Samad
260 _a Delhi
_bEducational Publishing House
_c2018ء
270 _a3191،Vakil Street,Kucha Pandit,Lal Kuan,
_bDelhi
_e110006
_k23216162
_l00911123211540
300 _a352 ص
_c22 Cm(B.b)
942 _2ddc
_cUR
_hن
_mع ب د